Loading...
| History - World History | 0 | 5 | 1 | 0 | 45 | 22 | 38.80 | 1 | 4 |
| Religion | 0 | 4 | 0 | 0 | 40 | 69 | 90.25 | 0 | 1 |
| Mythology | 0 | 3 | 0 | 0 | 30 | 34 | 48.33 | 0 | 2 |
| Pop Culture | 0 | 3 | 0 | 0 | 30 | 27 | 57.67 | 0 | 1 |
| History - European History | 0 | 3 | 1 | 0 | 25 | 54 | 57.67 | 1 | 3 |
| History - Other History | 0 | 3 | 1 | 0 | 25 | 76 | 80.67 | 0 | 2 |
| Fine Arts - Classical Music | 0 | 2 | 0 | 0 | 20 | 74 | 75.00 | 0 | 1 |
| Science - Biology | 0 | 2 | 0 | 1 | 20 | 53 | 75.50 | 1 | 1 |
| Literature - British Literature | 0 | 1 | 0 | 0 | 10 | 51 | 51.00 | 0 | 1 |
| Geography | 0 | 1 | 0 | 1 | 10 | 118 | 118.00 | 0 | 0 |
| History - American History | 0 | 1 | 0 | 1 | 10 | 97 | 97.00 | 0 | 0 |
| Current Events | 0 | 1 | 0 | 0 | 10 | 44 | 44.00 | 0 | 1 |
| Literature - World Literature | 0 | 1 | 0 | 0 | 10 | 69 | 69.00 | 0 | 1 |
| Painting/Sculpture | 0 | 1 | 0 | 0 | 10 | 73 | 73.00 | 0 | 0 |
| Literature - European Literature | 0 | 0 | 1 | 0 | -5 | 0.00 | 0 | 0 |